000 00426nam a2200169Ia 4500
999 _c174
_d174
003 OSt
005 20210902141124.0
008 190216s9999||||xx |||||||||||||| ||und||
040 _coclc
082 _a297
_bPEN/N
100 _aNull
245 0 _aAl Nadvatul Islamiyyah /
260 _bPenguin Modern Classics,
_c1973.
300 _a139p
650 _aArabic
942 _cBK
_2ddc
_h297
_iPEN/N
_k297
_mPEN/N